La orientación profesional para los estudios superiores / (Record no. 133899)

MARC details
000 -LEADER
campo de control de longitud fija 00549nam a2200169 i 4500
001 - NÚMERO DE CONTROL
campo de control 133899
003 - IDENTIFICADOR DE NÚMERO DE CONTROL
campo de control ES-MaACL
005 - FECHA Y HORA DE LA ÚLTIMA TRANSACCIÓN
campo de control 20230906194545.0
007 - CAMPO FIJO DE DESCRIPCIÓN FÍSICA--INFORMACIÓN GENERAL
campo de control de longitud fija t|
008 - DATOS DE LONGITUD FIJA--INFORMACIÓN GENERAL
campo de control de longitud fija 070903s1935 sp ||||1| spa d
100 1# - ENTRADA PRINCIPAL--NOMBRE DE PERSONA
Nombre de persona Walther, León.
9 (RLIN) 116019
245 13 - MENCIÓN DEL TÍTULO
Título La orientación profesional para los estudios superiores /
Mención de responsabilidad, etc. por León Walther ; traducción del original inédito por Mercedes Rodrigo.
260 ## - PUBLICACIÓN, DISTRIBUCIÓN, ETC.
Lugar de publicación, distribución, etc. Madrid :
Nombre del editor, distribuidor, etc. Biblioteca Nueva,
Fecha de publicación, distribución, etc. 1935.
300 ## - DESCRIPCIÓN FÍSICA
Extensión 228 p. ;
Dimensiones 21 cm.
700 1# - ENTRADA AGREGADA--NOMBRE PERSONAL
Nombre de persona Rodrigo, Mercedes.
9 (RLIN) 98181
852 ## - LOCALIZACIÓN
Ubicación ES-MaACL
Número de control de estantería A-3691
Holdings
Estatus retirado Estado de pérdida Estado de daño No para préstamo Biblioteca de origen Biblioteca actual Ubicación en estantería Fecha de adquisición Fuente de adquisición Total de préstamos Signatura topográfica completa Código de barras Visto por última vez Precio de reemplazo Tipo de ítem Koha
        Biblioteca del Ateneo de Madrid Biblioteca del Ateneo de Madrid Sala Pecera Planta 1 17/01/2008     A-3691 1139382 23/02/2023 23/02/2023 Libro impreso